000 00591nam a2200205Ia 4500
003 IEPS
005 20251215124703.0
008 250223s9999||||xx |||||||||||||| ||und||
020 _a9771010050
040 _cIEPS
041 _aara
082 _a613.7
100 _aرضوان محمد نصر الدين
245 0 _aالمرجع في القياسات الجسمية
260 _aالقاهرة
_bدار الفكر العربي
_c1997
300 _a258 ص.
_bغلاف ملون ومصور
_c24 سم.
653 _aالقياس
653 _aفسيولوجيا
942 _cكتاب
_2ddc
999 _c11361
_d11361